| 000 | 00666nam a22002297a 4500 | ||
|---|---|---|---|
| 005 | 20170124110112.0 | ||
| 010 | _aA-351859 | ||
| 020 | _c00.00 | ||
| 035 | _aA-351859 | ||
| 037 | _bCen Lib/Ret | ||
| 040 |
_aDPL _bEN |
||
| 082 |
_a920 _bSHA |
||
| 100 |
_aSharma, R.S. _9111343 |
||
| 245 |
_aThe intelligentsia in India / _cby R.S. Sharma |
||
| 260 |
_aNew Delhi _bBooks N Books _c1988 |
||
| 270 |
_a77, Tagore Park _bNew Delhi _e110009 |
||
| 300 |
_avi,111p. _c20cm(Hb) |
||
| 500 | _aIncludes bibliographical reference and index | ||
| 650 |
_aPhilosophy _9111344 |
||
| 650 |
_aIntelligentsia _zIndia _929334 |
||
| 942 |
_2ddc _cEN _h920 _mSHA |
||
| 999 |
_c130488 _d130488 |
||